00229nam a2200097Ia 4500008004100000041001200041082002000053100002200073245002500095650001100120231221s9999 xx 000 0 und d aEnglish a001.6424SYB HIT aHitchcock, Braian 0aSybase DBA companion aSybase